| 000 | 00897nam a22002175i 4500 | ||
|---|---|---|---|
| 001 | 165912 | ||
| 003 | ES-MaACL | ||
| 005 | 20230906213228.0 | ||
| 008 | 050805s1849 fr | |||||||| ||fre d | ||
| 040 |
_aCAM _bspa _cCAM |
||
| 100 | 1 |
_aChevallier, Alphonse. _9155096 |
|
| 245 | 1 | 0 |
_aSur la falsification de la chicorée, dite café-chicorée / _c[A. Chevallier]. |
| 260 |
_aParis : _b[s.n., _c1849] ( _fImprimerie de L. Martinet) |
||
| 300 |
_a19 p. ; _c20 cm. |
||
| 594 | _aTexto firmado por A. Chevallier. | ||
| 595 | _aExtraído de "Annales d'hygiène publique et de médecine légale, 1849", T. XLI. | ||
| 650 | 4 |
_aAchicoria. _9135491 |
|
| 650 | 4 |
_aCafé. _9135702 |
|
| 650 | 4 |
_aAlimentos- _xAdulteración. _9148900 |
|
| 852 |
_aES-MaACL _jR-1366(5) _z-- Enc. hol. _z-- Enc. en un vol. facticio, formando parte de la col. facticia: "Colección de memoria médicas" _z.- Donat. Mateo Seoane |
||
| 999 |
_c165912 _d165912 |
||